00302nam a22000977a 4500008004100000082001300041100004100054245003800095260006300133300000800196230703b xxu||||| |||| 00| 0 eng d a352bSEV cDirectorate of personnel management  aDistrict Focus Training Programme anairobi, KenyabDirectorate of personnel management c1989 a11p